Commerce made simple
| Main Author: | |
|---|---|
| Format: | Book |
| Published: |
London
W.H. Allen
1975
|
| Series: | Made simple books
|
| Subjects: |
MARC
| LEADER | 00000cam a2200000 7i4500 | ||
|---|---|---|---|
| 001 | 0000008799 | ||
| 008 | 021119n | ||
| 020 | |a 0491018908 | ||
| 050 | 0 | 0 | |a HF1007 |b .W44 |
| 090 | 0 | 0 | |a HF1007 |b .W44 1975 |
| 100 | 0 | |a Whitehead, Geoffrey |e author | |
| 245 | 0 | 0 | |a Commerce made simple |c G.M. Whitehead |
| 260 | 2 | |a London |b W.H. Allen |c 1975 | |
| 300 | |a 340 p. ; |c 22 cm. | ||
| 440 | 0 | 0 | |a Made simple books |
| 650 | 0 | |a Commerce | |
| 999 | |a 1000010427 |b Book |c OPEN SHELF (30 DAYS) |e Gong Badak Campus | ||